000 00658cam a2200169u 4500
001 unk81049283
003 DLC
005 20260227112758.0
008 820115s1921 xx 000 0 eng
010 _aunk81049283
040 _aDLC
_cCarP
_dDLC
050 0 0 _aKF27
_b.R5 1921c
110 1 _aUnited States.
_bCongress.
_bHouse.
_bCommittee on Rivers and Harbors.
245 1 0 _aCoos bay harbor, Oreg.
_bHearings on the subject of the improvement of Coos Bay Harbor, Oreg. held before the Committee on Rivers and Harbors, House of Representatives, Sixty-seventh Congress, second session ... Dec. 14, 1921.
260 _a[n. p.]
_c1921.
300 _a23 p.
_c23 cm.
999 _c91340
_d91340